| 000 | 00914nam a22002418a 4500 | ||
|---|---|---|---|
| 005 | 20081024151836.0 | ||
| 008 | 080626s2008 cau 000 0 eng | ||
| 010 | _aENG-91768 | ||
| 020 |
_a9780070221659 _c195.00 |
||
| 020 |
_a0070221650 _c195.00 |
||
| 035 | _aEN-75301 | ||
| 037 | _bDBAD / PUb | ||
| 040 |
_adpl _bEnglish |
||
| 082 | _a647.940683 | ||
| 100 | _aAndrews, Sudhir | ||
| 245 |
_aHuman resource management: _cby Sudhir Andrews _ba textbook for the hospitality industry / |
||
| 260 |
_aNew Delhi _bTata McGraw-Hill, _c2009 |
||
| 300 |
_axv, 378p. _c25cm (pbk) |
||
| 500 | _aIncludes references | ||
| 650 |
_aHospitality industry _xPersonnel management. |
||
| 942 |
_2ddc _cEN _mAND _h647.940683 |
||
| 999 |
_c19020 _d19020 |
||